MUNICIPIS DE LA PROVÍNCIA DE TARRAGONA - Estadísticas

Estadísticas generales
  • Esta prueba ha sido intentada 274 veces
    235 desde el último reinicio
  • La puntuación promedio es 58 de 184
Estadísticas de respuestas
INICIAL MUNICIPI % Correcto
T (T) Tarragona
94%
BC (R) Reus
93%
BC (C) Cambrils
84%
T (S) Salou
84%
M (A) Amposta
77%
M (T) Tortosa
76%
T (T) Torredembarra
73%
AC (V) Valls
72%
T (A) Altafulla
70%
CB (M) Montblanc
69%
RE (M) Móra d'Ebre
69%
T (V) Vila-seca
67%
BP (V) el Vendrell
66%
P (F) Falset
64%
BE (D) Deltebre
61%
RE (M) Móra la Nova
59%
M (A) Alcanar
57%
BC (R) Riudoms
57%
RE (F) Flix
55%
AC (A) Alcover
54%
BE (A) l'Ametlla de Mar
53%
BC (P) Prades
53%
TA (G) Gandesa
52%
BC (M) Mont-roig del camp
52%
M (U) Ulldecona
51%
M (R) la Ràpita
50%
RE (A) Ascó
49%
BP (C) Calafell
49%
BC (M) Montbrió del Camp
49%
BP (C) Cunit
47%
T (C) Constantí
46%
BE (A) l'Ampolla
46%
T (P) la Pobla de Mafumet
46%
CB (E) l'Espluga de Francolí
46%
TA (B) Bot
45%
BE (X) Xerta
45%
BE (A) l'Aldea
44%
BC (S) la Selva del Camp
44%
BE (P) el Perelló
43%
M (S) la Sénia
43%
RE (M) Miravet
43%
RE (T) Tivissa
43%
BE (B) Benifallet
40%
T (M) el Morell
40%
TA (H) Horta de Sant Joan
40%
T (C) la Canonja
40%
CB (R) Riudecanyes
40%
T (R) Roda de Berà
38%
M (S) Sant Jaume d'Enveja
38%
BE (C) Camarles
37%
BP (A) L'Arboç
37%
BC (B) les Borges del Camp
37%
P (M) Marçà
37%
TA (C) Corbera d'Ebre
35%
T (C) Creixell
35%
BC (R) Riudecols
35%
P (U) Ulldemolins
35%
TA (P) el Pinell de Brai
34%
BC (B) Botarell
33%
P (C) Cornudella de Montsant
33%
BP (B) la Bisbal del Penedès
33%
AC (R) la Riba
33%
BE (R) Roquetes
33%
RE (R) Riba-roja d'Ebre
32%
CB (S) Santa Coloma de Queralt
32%
BC (A) Almoster
31%
T (C) el Catllar
31%
AC (N) Nulles
31%
BC (A) Alforja
30%
TA (B) Batea
30%
BC (D) Duesaigües
30%
AC (P) el Pla de Santa Maria
30%
T (S) la Secuita
30%
P (P) Porrera
30%
CB (P) Pratdip
30%
RE (T) la Torre de l'Espanyol
29%
CB (V) Vimbodí i Poblet
29%
BC (V) Vinyols i els Arcs
29%
TA (A) Arnes
28%
AC (B) Bràfim
28%
T (P) els Pallaresos
28%
BC (A) l'Aleixar
28%
BP (S) Sant Jaume dels Domenys
28%
CB (V) Vilanova de Prades
28%
BC (V) Vilaplana
28%
CB (B) Barberà de la Conca
27%
P (G) Gratallops
27%
T (P) la Pobla de Montornès
27%
M (M) Masdenverge
27%
T (S) Salomó
27%
AC (V) Vila-rodona
27%
AC (A) Aiguamúrcia
26%
BE (A) Aldover
26%
RE (B) Benissanet
26%
TA (F) la Fatarella
26%
T (R) la Riera de Gaià
26%
M (M) Mas de Barberans
26%
BP (A) Albinyana
25%
BC (C) Castellvell del Camp
25%
RE (G) Garcia
25%
P (V) la Vilella Baixa
25%
BP (L) Llorenç del Penedès
25%
BC (M) Maspujols
25%
AC (R) Rodonyà
25%
M (S) Santa Bàrbara
25%
CB (S) Solivella
25%
BC (V) Vandellòs i l'Hospitalet de l'Infant
25%
AC (V) Vilabella
25%
AC (C) Cabra del Camp
24%
P (G) els Guiamets
24%
T (N) la Nou de Gaià
24%
RB (R) Rasquera
24%
CB (S) Sarral
24%
RE (V) Vinebre
24%
BC (V) Vilanova d'Escornalbou
23%
BC (A) Arbolí
22%
BP (B) Banyeres del Penedès
22%
P (B) Bellmunt del Priorat
22%
BC (C) Capafonts
22%
P (C) Capçanes
22%
M (G) Godall
22%
P (B) la Bisbal de Falset
22%
M (G) la Galera
22%
P (M) la Morera de Montsant
22%
TA (P) la Pobla de Massaluca
22%
BC (A) l'Argentera
22%
P (V) la Vilella Alta
22%
T (P) Perafort
22%
P (P) Poboleda
22%
T (V) Vilallonga del Camp
22%
CB (V) Vilaverd
22%
BP (B) Bellvei
21%
CB (F) Forès
21%
BE (T) Tivenys
21%
AC (V) Vallmoll
21%
AC (A) Alió
20%
P (M) el Masroig
20%
AC (Q) Querol
20%
BE (A) Alfara de Carles
19%
BP (B) Bonastre
19%
P (C) Cabacés
19%
M (F) Freginals
19%
RE (G) Ginestar
19%
BC (A) l'Albiol
19%
AC (M) la Masó
19%
RE (P) la Palma d'Ebre
19%
BE (P) Paüls
19%
CB (P) Pira
19%
TA (P) Prat de Compte
19%
T (R) Renau
19%
TA (V) Vilalba dels Arcs
19%
AC (M) el Milà
18%
AC (R) el Rourell
18%
P (M) Margalef
18%
P (T) Torroja del Priorat
18%
BP (M) el Montmell
17%
BC (F) la Febró
17%
AC (M) Montferri
17%
AC (M) Mont-ral
17%
CB (B) Blancafort
16%
TA (C) Caseres
16%
CB (C) Conesa
16%
P (L) el Lloar
16%
P (M) el Molar
16%
P (F) la Figuera
16%
BP (M) Masllorenç
16%
AC (P) Puigpelat
16%
BP (S) Santa Oliva
16%
CB (R) Rocafort de Queralt
15%
AC (P) el Pont d'Armentera
14%
CB (V) Vallclara
14%
T (V) Vespella de Gaià
14%
AC (G) Els Garidells
13%
P (T) la Torre de Fontaubella
13%
CB (P) Pontils
13%
P (P) Pradell de la Teixeta
13%
CB (S) Senan
13%
AC (F) Figuerola del Camp
12%
CB (V) Vallfogona de Riucorb
12%
BC (C) Colldejou
11%
CB (S) Savallà del Comtat
11%
CB (P) les Piles
10%
CB (L) Llorac
10%
CB (P) Passanant i Belltall
10%
No se encontraron pruebas coincidentes
Distribución de puntuación
Porcentaje de gente con cada puntuación
Porcentaje por número respondido
Historial de tus puntuaciones
No has intentado esta prueba desde el último reinicio